000 00662nam a22002057a 4500
003 0
005 20240117072314.0
008 240117b xxu||||| |||| 00| 0 eng d
020 _a978-1-119-71674-7
050 _aQ 325.5
_b .H55 2022
100 _aHilt, Stephen W.
245 _aInformatics and machine learning : from martingales to metaheuristics
_cStephen W. Hilt
260 _aNew Jersey
_bJohn Wiley & Sons, Inc.
_cc2022.
300 _axv, 566 pages ;
_c24 cm.
504 _aIncludes bibliographical references, glossary, and index.
650 _aMachine learning.
650 _aComputer science.
650 _aBioinformatics.
942 _2lcc
_cBK
999 _c365861
_d365861